| 000 | 00798nam a2200205 4500 | ||
|---|---|---|---|
| 999 |
_c791 _d791 |
||
| 001 | 1134 | ||
| 005 | 20191029143842.0 | ||
| 008 | 191029b ||||| |||| 00| 0 eng d | ||
| 090 | 0 | 0 | _a344.035 A1881p 2009 |
| 110 | _aRoyal Bhutan Police. | ||
| 240 | _aPrison Act of Bhutan, 2009. | ||
| 245 | 0 | 0 |
_aའབྲུག༌གི༌བཙོན༌ཁང༌བཅའ༌ཁྲིམས། _bPrison act of Bhutan, 2009 / _cRoyal Bhutan Police. |
| 260 | 0 | 0 |
_aThimphu : _bRoyal Bhutan Police, _c2009. |
| 300 | 0 | 0 | _axiii, 94 p. ; 22 cm. |
| 500 | _aElectronic copy available on RTC Cloud in "Library" folder | ||
| 500 | 0 | 0 | _aIn Dzongkha and English. |
| 650 | 0 | 0 | _aPrisons --Law and legislation --Bhutan. |
| 856 |
_u http://www.rbp.gov.bt/Forms/Prison%20Act.pdf _yPrison Act of Bhutan |
||
| 942 |
_2ddc _cREFERENCE |
||